000
00215 a2200097 4500
001
881
100
_a
Huxley,L,G,H
245
_a
Principles and practice of wave guide
260
_a
_b
Cambridge
_c
090
_c
472
_d
472
942
_a
NUST-CAE
_c
M
_c
31067
999
_c
235954
_d
235954